| 000 | 00496nam a2200193Ia 4500 | ||
|---|---|---|---|
| 003 | GCL | ||
| 008 | 140319s9999 xx 000 0 ara d | ||
| 040 |
_aGCL / _cGCL |
||
| 082 | 0 | 4 |
_a925 _bع ل |
| 100 | 1 | _aعبدالحميد يونس | |
| 245 | 1 | 0 |
_aلاعوازيية / _cعبدالحميد يونس |
| 700 | 1 | _aعبدالعزيز امين | |
| 300 | _a125 ص | ||
| 490 |
_aاقرأ _v0 |
||
| 650 | 0 | 4 | _aالعلماء |
| 650 | 0 | 4 | _aفرنسا |
| 650 | 0 | 4 | _aالعلوم |
| 942 |
_2ddc _cBK |
||
| 999 |
_c41194 _d41194 |
||